Scream Characters - Statistics

General Stats
  • This quiz has been taken 1,272 times
  • The average score is 9 of 16
Answer Stats
Hint Answer % Correct
significant other Billy Loomis
93%
main character Sidney Prescott
93%
reporter Gale Weathers
89%
best friend's significant other Stu Macher
83%
police Dewey Riley
80%
first to die Casey Becker
70%
mother Maureen Prescott
54%
best friend Tatum Riley
51%
best friend Randy Meeks
45%
camera man Kenny
44%
suspected killer Cotton Weary
41%
killer Ghostface
33%
father Neil Prescott
28%
first to die Steven Orth
22%
school authority Principal Himbry
20%
police Sheriff Burke
6%
No matching quizzes found
Score Distribution
Percent of People with Each Score
Percentile by Number Answered
Your Score History
You have not taken this quiz